Du Lesotho au Canada grâce aux frontières - Erreurs éliminatoires - Statistiques

Statistiques générales
  • Ce quiz a été pris 87 fois
  • Le résultat moyen est 15 sur 20
Réponses sur la Carte
Les réponses sont colorées sur une échelle allant du rouge au vert en fonction du pourcentage des utilisateurs qui les ont devinées à leur premier essai. Vous pouvez retrouver ces pourcentages ci-dessous.
 
Statistiques - réponses
Pays % Correct
Afrique du Sud
100%
Botswana | Eswatini | Mozambique | Namibie | Zimbabwe
92%
Angola | Malawi | Tanzanie | Zambie
85%
Burundi | République du Congo | République démocratique du Congo | Kenya | Ouganda | Rwanda
84%
Bénin | Égypte | Libye | Niger
82%
Cameroun | République centrafricaine | Éthiopie | Gabon | Somalie | Soudan du Sud
82%
Djibouti | Érythrée | Nigéria | Soudan | Tchad
82%
Algérie | Burkina Faso | Israël | Mali | Togo | Tunisie
81%
Côte d'Ivoire | Ghana | Guinée | Jordanie | Liban | Maroc | Mauritanie | Sénégal | Syrie
77%
Andorre | Arménie | Azerbaïdjan | Bulgarie | France | Géorgie | Grèce | Iran | Portugal | Royaume-Uni
76%
Arabie saoudite | Espagne | Gambie | Guinée Bissau | Irak | Libéria | Sierra Leone | Turquie
76%
Afghanistan | Albanie | Allemagne | Belgique | Brésil | Irlande | Luxembourg | Macédoine du Nord | Pakistan | Pays-Bas | Roumanie | Russie | Serbie | Suisse | Suriname | Turkménistan
74%
Argentine | Autriche | Biélorussie | Bolivie | Bosnie-Herzégovine | Chine | Colombie | Corée du Nord | Croatie | Danemark | Estonie | Finlande | Guyana | Inde | Kazakhstan |Kosovo | Lettonie | Liechtenstein | Lituanie | Moldavie | Mongolie | Monténégro | Norvège | Ouzbékistan |Paraguay | Pérou | Pologne | République tchèque | Saint-Marin | Slovénie | Vénézuéla | Tadjikistan | Ukraine | Uruguay | Vatican
74%
Bangladesh | Bhoutan | Chili | Birmanie | Corée du Sud | Costa Rica | Équateur | Kirghizistan | Laos | Népal | Panama | Slovaquie | Suède | Viêt-Nam
68%
Cambodge | Costa Rica | Thaïlande
59%
Malaisie | Nicaragua
58%
Brunei | Honduras | Indonésie
54%
Guatemala | Salvador | Papouasie Nouvelle Guinée | Timor Oriental
53%
Mexique | Belize
53%
États-Unis
50%
Aucun quiz correspondant
Distribution des résultats
% des personnes avec chaque résultat
Percentile par nombre de réponses
Votre historique - résultats
Vous n’avez pas pris ce quiz